Регионална библиотека "Любен Каравелов" - Русе

Атанас Буров (Запис номер 28394)

MARC детайли
000 -Лидер
Контролно поле с фиксирана дължина 02072nam a2200517 c 4500
003 - Код на организацията, давaща контролен номер
Контролно поле BLK
005 - Дата и час на последна редакция
Контролно поле 20250401151641.0
008 - Елементи от данни с фиксирана дължина
fixed length control field 180407b bul|||||r ||||||| ||bul||
010 ## - Наследен системен номер
LC control number KNG00030988000
020 ## - Международен стандартен номер на книга ISBN
Международен стандартен номер на книга ISBN 978-954-330-304-5
040 ## - Източник на каталожния запис
Идентификатор на билиотеката - собственик на записа BLK
041 ## - Код за език
Код за езика на текст/звукозапис или на отделно заглавие Български
Код за езика КДБФ Български
072 #7 - Код за тематичната категория
Код организация bullib
Код за тематична категория Н92
Текст История Н
080 ## - УДК
Текстов определител УДК България през периода на общата криза на капитализма (1918-1944)
УДК код - определител по УДК 94(497.2)"1918/1945"
УДК определител (092)
УДК - код + определител 94(497.2)"1918/1945"(092)
080 ## - УДК
Текстов определител УДК Български банкер, политик
УДК код - определител по УДК 929 Буров, Атанас Димитров
УДК - код + определител 929 Буров, Атанас Димитров
100 1# - Редна дума - Автор
Автор Александров, Валентин Георгиев
Авторска отговорност първи автор
R(LIN) 269749
139 ## - Редно поле
Редна дума Александров, Валентин Георгиев
Авторски знак Бурм - Б 89
245 10 - Сведения за заглавието
Заглавие Атанас Буров
Подзаглавни данни Банкер, политик, дипломат : Полит. биогр.
Редно поле (дума) Валентин Георгиев Александров.
250 ## - Област на изданието
Сведения за изданието 2. изд.
257 ## - Страна на издаване
Страна на създаване/издаване България
260 ## - Област на издателските данни
Име на издателя, разпространителя и проч. Унискорп
Година на издаване 2011
300 ## - Физическа характеристика
Страници 92 с.
Размери/Мащаб 21 см
380 ## - Жанр
Жанр История
490 1# - СЕРИИ (Колекции)
Име на серия Поредица Биографии
500 ## - Общи забележки
Забележка 1. изд. 1992 на сп. Антени.
600 14 - Име на лице, използвано като предмет
За него / За нея Буров, Атанас Димитров
9 (RLIN) 245256
650 #0 - Допълнително описание по предмет – тема
Основно описание – тема или топоним България - история, нова
9 (RLIN) 241998
650 #4 - Допълнително описание по предмет – тема
Основно описание – тема или топоним Политици, български
9 (RLIN) 242530
650 #4 - Допълнително описание по предмет – тема
Основно описание – тема или топоним Буров, Атанас Димитров
9 (RLIN) 245256
651 #4 - Допълнително описание по предмет - топоним
Географско понятие България
9 (RLIN) 241624
653 ## - Ключова дума – ненормативна
Ключова дума Атанас Буров
653 ## - Ключова дума – ненормативна
Ключова дума български политици
653 ## - Ключова дума – ненормативна
Ключова дума банкери
653 ## - Ключова дума – ненормативна
Ключова дума дипломати
653 ## - Ключова дума – ненормативна
Ключова дума българска история
653 ## - Ключова дума – ненормативна
Ключова дума биографии
659 ## - Тематичен бюлетин
Тематичен бюлетин Н
852 ## - Местоположение
Форматна сигнатура Цб 251540
852 ## - Местоположение
Форматна сигнатура К 94(497.2)"1878..."/Б 89 А
856 4# - Електронен адрес и достъп
Електронен формат pdf - файл
856 4# - Електронен адрес и достъп
Електронен формат pdf - файл
999 ## - СИСТЕМНИ КОНТРОЛНИ НОМЕРА
Koha biblionumber 28394
Koha biblioitemnumber 28394
942 ## - АРТИКУЛИ
Вид на библиотечния материал Книги
Скрит в OPAC Не
Koha issues (borrowed), all copies 17
Периодичен библиозапис Да
944 ## - СЪЗДАВАНЕ И РЕДАКЦИЯ на ЗАПИСА
Създаване/Редакция Създаване
Дата на регистрацията/редакция 14.04.2011
Статус, дата на статуса Цветелина Шанова
Служител, извършил регистрацията/редакцията 30531
944 ## - СЪЗДАВАНЕ И РЕДАКЦИЯ на ЗАПИСА
Създаване/Редакция Редакция
Дата на регистрацията/редакция 16.01.2013
Статус, дата на статуса ф /
999 ## - СИСТЕМНИ КОНТРОЛНИ НОМЕРА
Koha biblioitemnumber 28394
Наличности
Код за отписване Код за изгубен артикул Източник на класификационната схема Код за повреда Коз за рестрикции Код за отдаване Артикулен № Име на библиотеката - собственик Име на библиотеката, в която се намира в момента Статус (Текущо местоположение) Дата на вписване в системата Местоположение - отдел Цена в лева Инвентарен номер Систематично азбучна сигнатура Баркод Номер на екземпляра Цена в евро Служебна бележка Служебен тип на артикула
  Не е изгубен Universal Decimal Classification Не е повреден без рестрикции заемане за дома 45626 Регионална библиотека "Любен Каравелов" Русе Регионална библиотека "Любен Каравелов" Русе Заемна - подръчен фонд 2011-04-08 Заемна - подръчен фонд 9.00 120000750477 94(497.2)"1918/1945"/Б 89 А 120000750477 1 4.60 Дост: Pk Вид: Ф N: 127 Дата: 01.04.2011 Дата инв: 08.02.2018 Бележки инв: П2018 Книги
  Не е изгубен Universal Decimal Classification Не е повреден без рестрикции заемане за дома 45627 Регионална библиотека "Любен Каравелов" Русе Регионална библиотека "Любен Каравелов" Русе Заемна - подръчен фонд 2011-12-16 Заемна - подръчен фонд 9.00 120000755585 94(497.2)"1918/1945"/Б 89 А 120000755585 2 4.60 Дост: Pk Вид: Ф N: 251 Дата: 15.12.2011 Дата инв: 08.02.2018 Бележки инв: П2018 Книги
  Не е изгубен Universal Decimal Classification Не е повреден без рестрикции ползва се в читалня 45628 Регионална библиотека "Любен Каравелов" Русе Регионална библиотека "Любен Каравелов" Русе Краезнание 2011-12-16 Краезнание 9.00 120000755586 K 94(497.2)"1878..."/Б 89 А 120000755586 3 4.60 Дост: Pk Вид: Ф N: 251 Дата: 15.12.2011 Дата инв: 07.11.2017 Бележки инв: К2017 Книги
  Не е изгубен   Не е повреден без рестрикции ползва се в читалня 45629 Регионална библиотека "Любен Каравелов" Русе Регионална библиотека "Любен Каравелов" Русе Хранилище 2013-01-16 Хранилище 9.00 120000762879 Цб 251540 120000762879 4 4.60 Дост: Dp Вид: Д N: 38 Дата: 19.09.2011 Книги
Vip Innovations Ltd, Rousse, Bulgaria 2025